Let's gun down the cowboys (Record no. 74185)
[ view plain ]
| 000 -LEADER | |
|---|---|
| fixed length control field | 00972cab a2200229 4500 |
| 001 - CONTROL NUMBER | |
| control field | ABS67556 |
| 008 - FIXED-LENGTH DATA ELEMENTS--GENERAL INFORMATION | |
| fixed length control field | 040301n2004 000 0 eng u |
| 035 ## - SYSTEM CONTROL NUMBER | |
| System control number | (Sirsi) u125257 |
| 100 ## - MAIN ENTRY--PERSONAL NAME | |
| Personal name | Partridge, C. |
| 245 ## - TITLE STATEMENT | |
| Title | Let's gun down the cowboys |
| 260 ## - PUBLICATION, DISTRIBUTION, ETC. | |
| Date of publication, distribution, etc. | 2004 |
| 490 ## - SERIES STATEMENT | |
| Series statement | Estates Gazette |
| Volume/sequential designation | (0408) 21 February 2004, 132 (1) |
| 520 ## - SUMMARY, ETC. | |
| Summary, etc. | Discusses the steps being taken to protect rating businesses against fraudulent ratings advice. Measures taken so far include a code of pactice produced by the RICS and supported by other professional bodies. "Rating consultancy code of practice" is an RICS practice statement which sets minimum rules for any contact that involves providing rating advice. The code will come into effect 1 April 2004. |
| 590 ## - LOCAL NOTE (RLIN) | |
| Local note | ABS |
| 650 ## - SUBJECT ADDED ENTRY--TOPICAL TERM | |
| Topical term or geographic name entry element | RATING |
| 650 ## - SUBJECT ADDED ENTRY--TOPICAL TERM | |
| Topical term or geographic name entry element | VALUATION OFFICE AGENCY |
| 650 ## - SUBJECT ADDED ENTRY--TOPICAL TERM | |
| Topical term or geographic name entry element | RATINGAND VALUATION |
| 650 ## - SUBJECT ADDED ENTRY--TOPICAL TERM | |
| Topical term or geographic name entry element | RATING ADVISORS |
| 650 ## - SUBJECT ADDED ENTRY--TOPICAL TERM | |
| Topical term or geographic name entry element | RICS |
| 690 ## - LOCAL SUBJECT ADDED ENTRY--TOPICAL TERM (OCLC, RLIN) | |
| Topical term or geographic name as entry element | RATING AND LOCAL TAXATION |
| 942 ## - ADDED ENTRY ELEMENTS (KOHA) | |
| Suppress in OPAC | 0 |
| Withdrawn status | Lost status | Source of classification or shelving scheme | Damaged status | Not for loan | Home library | Current library | Shelving location | Date acquired | Total Checkouts | Full call number | Barcode | Date last seen | Copy number | Price effective from | Koha item type |
|---|---|---|---|---|---|---|---|---|---|---|---|---|---|---|---|
| Dewey Decimal Classification | London | London | Journal article | 01/03/2004 | ABS67556 | 125257-1001 | 06/08/2019 | 1 | 06/08/2019 | Journal article |